Brokers and the earnings of female sex workers in India (Record no. 110278)

000 -LEADER
fixed length control field 00541pab a2200193 454500
008 - FIXED-LENGTH DATA ELEMENTS--GENERAL INFORMATION
fixed length control field 180718b2015 xxu||||| |||| 00| 0 eng d
100 ## - MAIN ENTRY--PERSONAL NAME
Personal name Brady, David
245 ## - TITLE STATEMENT
Title Brokers and the earnings of female sex workers in India
260 ## - PUBLICATION, DISTRIBUTION, ETC.
Date of publication, distribution, etc. 2015
300 ## - PHYSICAL DESCRIPTION
Extent p.1123-1149.
362 ## - DATES OF PUBLICATION AND/OR SEQUENTIAL DESIGNATION
Dates of publication and/or sequential designation Dec
650 ## - SUBJECT ADDED ENTRY--TOPICAL TERM
Topical term or geographic name entry element Women - India
650 ## - SUBJECT ADDED ENTRY--TOPICAL TERM
Topical term or geographic name entry element Sexual division of labour - India
650 ## - SUBJECT ADDED ENTRY--TOPICAL TERM
Topical term or geographic name entry element Sexual division of labour
700 ## - ADDED ENTRY--PERSONAL NAME
Personal name Blankenship, Kim M.
700 ## - ADDED ENTRY--PERSONAL NAME
Personal name Biradavolu, Monica
773 ## - HOST ITEM ENTRY
Main entry heading American Sociological Review
909 ## -
-- 110283
Holdings
Withdrawn status Lost status Damaged status Not for loan Permanent Location Current Location Date acquired Serial Enumeration / chronology Barcode Date last seen Price effective from Koha item type
        Indian Institute of Public Administration Indian Institute of Public Administration 2018-07-19 Volume no: 80, Issue no: 6 AR110743 2018-07-19 2018-07-19 Articles

Powered by Koha